Statystyki dla Oscar - drugoplanowa rola męska

Kliknij tutaj aby rozwiązać quiz!

Ogólne statystyki

  • Ten quiz został rozwiązany 60 razy
  • Średni wynik to 25 z 85

Statystyki odpowiedzi

RokAktorFilm% Poprawnych
2019Brad PittPewnego razu... w Hollywood
97%
1974Robert De NiroOjciec chrzestny II
90%
2012Christoph WaltzDjango
86%
2009Christoph WaltzBękarty wojny
86%
2004Morgan FreemanZa wszelką cenę
83%
2010Christian BaleFighter
79%
2008Heath LedgerMroczny Rycerz
72%
1990Joe PesciChłopcy z ferajny
72%
1997Robin WilliamsBuntownik z wyboru
72%
2007Javier BardemTo nie jest kraj dla starych ludzi
69%
1993Tommy Lee JonesŚcigany
69%
2018Mahershala AliGreen Book
66%
2016Mahershala AliMoonlight
66%
1983Jack NicholsonCzułe słówka
62%
1992Gene HackmanBez przebaczenia
59%
2017Sam RockwellTrzy billboardy za Ebbing, Missouri
59%
1989Denzel WashingtonChwała
55%
2014J.K. SimmonsWhiplash
55%
1987Sean ConneryNietykalni
55%
1996Cuba Gooding Jr.Jerry Maguire
52%
2006Alan ArkinMała miss
48%
1979Melvyn DouglasWystarczy być
48%
1963Melvyn DouglasHud, syn farmera
48%
1978Christopher WalkenŁowca jeleni
45%
2005George ClooneySyriana
45%
2002Chris CooperAdaptacja
41%
2013Jared LetoWitaj w klubie
41%
1988Kevin KlineRybka zwana Wandą
38%
1995Kevin SpaceyPodejrzani
38%
1999Michael CaineWbrew regułom
38%
1986Michael CaineHannah i jej siostry
38%
2003Tim RobbinsRzeka tajemnic
38%
1998James CoburnPrywatne piekło
31%
2015Mark RylanceMost szpiegów
31%
2000Benicio del ToroTraffic
28%
1943Charles CoburnWesoły sublokator
28%
1976Jason RobardsWszyscy ludzie prezydenta
28%
1977Jason RobardsJulia
28%
2011Christopher PlummerDebiutanci
24%
2020/2021Daniel KaluuyaJudasz i Czarny Mesjasz
21%
1953Frank SinatraStąd do wieczności
21%
1946Harold RussellNajlepsze lata naszego życia
17%
1952Anthony QuinnViva Zapata!
14%
1956Anthony QuinnPasja życia
14%
1955Jack LemmonMister Roberts
14%
1991Jack PalanceSułtani westernu
14%
2001Jim BroadbentIris
14%
1951Karl MaldenTramwaj zwany pożądaniem
14%
1994Martin LandauEd Wood
14%
1985Don AmecheKokon
10%
1984Haing S. NgorPola śmierci
10%
1981John GielgudArthur
10%
1982Louis Gossett Jr.Oficer i dżentelmen
10%
1964Peter UstinovTopkapi
10%
1960Peter UstinovSpartakus
10%
1980Timothy HuttonZwyczajni ludzie
10%
1940Walter BrennanCzłowiek z zachodu
10%
1938Walter BrennanKentucky
10%
1936Walter BrennanPrawo młodości
10%
1944Barry FitzgeraldIdąc moją drogą
7%
1971Ben JohnsonOstatni seans filmowy
7%
1950George SandersWszystko o Ewie
7%
1959Hugh GriffithBen-Hur
7%
1972Joel GreyKabaret
7%
1970John MillsCórka Ryana
7%
1948Walter HustonSkarb Sierra Madre
7%
1966Walter MatthauSzczęście Harry'ego
7%
1958Burl IvesBiały kanion
3%
1949Dean JaggerZ jasnego nieba
3%
1941Donald CrispZielona dolina
3%
1962Ed BegleySłodki ptak młodości
3%
1954Edmond O'BrienBosonoga Contessa
3%
1975George BurnsSłoneczni chłopcy
3%
1961George ChakirisWest Side Story
3%
1967George KennedyNieugięty Luke
3%
1969Gig YoungCzyż nie dobija się koni?
3%
1968Jack AlbertsonRóże w tytule
3%
1945James DunnDrzewko na Brooklynie
3%
1937Joseph SchildkrautŻycie Emila Zoli
3%
1965Martin BalsamTysiąc klownów
3%
1957Red ButtonsSayonara
3%
1942Van HeflinJohnny Eager
3%
1947Edmund GwennCud na 34 ulicy
0%
1973John HousemanW pogoni za papierkiem
0%
1939Thomas MitchellDyliżans
0%

Rozkład punktacji

Percentyl według liczby udzielonych odpowiedzi

Procent ludzi z każdym wynikiem

Twoja historia wyników

Nie rozwiązałeś tego quizu